000 00689cam a2200229 a 4500
001 13663157
005 20180201032526.0
008 040723s2003 mau b 001 0 eng
010 _a 2004541168
020 _a1882982649
040 _aDLC
_cDLC
041 _aeng
080 _a378.17
082 0 0 _a378.17 NIL
_222
100 1 _a46
101 _aEDU
245 1 0 _aTeaching at its best :
_cLinda B. Nilson.
504 _aIncludes bibliographical references (p. [231]-240) and index.
906 _a7
_bcbc
_corigcop
_d2
_encip
_f20
_gy-gencatlg
942 _2ddc
_cBK
999 _c41441
_d41441